LEADER 01014nam a2200265 i 4500 001 000000171656 003 CaOOAMICUS 005 20080507000000.0 008 080507s1993 it u000 u ita u 013 $a149088 020 $a978-88-06-18742-2 040 $aSeMil$bita 100 1 $aKawabata, Yasunari.$0(OLS)http://semarc/name/60803 240 10$aUtsukushisa To Kanashimi To.$0(OLS)http://semarc/title/245611 245 10$aBellezza e tristezza /$cYasunari Kawabata. 260 $aTorino :$bEinaudi,$ccopyr. 1993. 300 $a171 p. ;$c20 cm. 490 0 $aET Scrittori ;$v164 830 0$aET ;$v164.$0(OLS)http://semarc/title/28189 850 $aSeMil 852 $aSeMil$W1$xVenegono$y1$m1T III 26$j239608$B122522$CSeMilBibl$Z2$F133926 $81 961 $aOmaggio: Ghiringhelli prof. Livio 996 $6020$a978-88-06-18742-2$9(OLS)http://semarc/number/158814 996 $6245$aBellezza e tristezza$9(OLS)http://semarc/title/245610 996 $6260$aTorino :$bEinaudi$9(OLS)http://semarc/publisher/29884 LEADER 00991nam a2200241 i 4500 001 000000195339 003 CaOOAMICUS 005 20101210000000.0 008 101210s1995 it u000 u ita u 013 $a174011 040 $aSeMil$bita 100 1 $aMoroni, Mario.$0(OLS)http://semarc/name/53911 245 13$aLa Sindone prima del 14. secolo /$cDi Mario Moroni ; a cura di Francesco Barbesino. 260 $aPessano con Bornago (MI) :$bMimep-Docete,$ccopyr. 1995. 300 $a52 p. :$bill. ;$c21 cm. 500 $aContiene : Bibliografia. 650 4$aSanta Sindone.$0(OLS)http://semarc/subject/6943 700 1 $aBarbesino, Francesco.$0(OLS)http://semarc/name/53912 850 $aSeMil 852 $aSeMil$W1$xVenegono$y1$m5A XII 8/51$j145908$B145908$CSeMilBibl$Z2$F157424 $81 961 $aOmaggio: Altro 996 $6245$aLa Sindone prima del 14. secolo$9(OLS)http://semarc/title/281802 996 $6260$aPessano con Bornago (MI) :$bMimep-Docete$9(OLS)http://semarc/publisher/30068